Nové legislatívne predpisy v školách a školských zariadeniach

Pokračovanie z predchádzajúceho čísla. Práva a povinnosti pedagogických a odborných zamestnancov. Etický kódex. Predpoklady na výkon pracovnej činnosti. Posudzovanie splnenia kvalifikačných predpokladov. Pedagogické kategórie, kariérové stupne a kariérové pozície.

Guardado en:
Detalles Bibliográficos
Autor principal: Pivarníková, Oľga
Formato: Capítulo de libro
Lenguaje:eslovaco
Materias:
Etiquetas: Agregar Etiqueta
Sin Etiquetas, Sea el primero en etiquetar este registro!

MARC

LEADER 00000naa a2200000 4500
001 0259851
005 20191125083625.9
041 0 |a slo 
044 |a SK 
245 1 0 |a Nové legislatívne predpisy v školách a školských zariadeniach  |c Oľga Pivarníková 
520 |a Pokračovanie z predchádzajúceho čísla. Práva a povinnosti pedagogických a odborných zamestnancov. Etický kódex. Predpoklady na výkon pracovnej činnosti. Posudzovanie splnenia kvalifikačných predpokladov. Pedagogické kategórie, kariérové stupne a kariérové pozície. 
610 2 0 |a legislatíva 
610 2 0 |a novelizácia 
610 2 0 |a školy 
610 2 0 |a zariadenia školské 
610 2 0 |a kódexy etické 
610 2 0 |a kvalifikácia 
610 2 0 |a kariéra 
100 1 |a Pivarníková, Oľga